000 00704nam a2200169 i 4500
001 23734
003 ES-MaACL
005 20230906152927.0
007 t|
008 021212s1955 dk a |||| | spa d
100 1 _aAndersen, Hans Christian.
_921434
245 1 0 _aSeis cuentos del escritor danés Hans Christian Andersen
_b: editados en ocasión del 150 aniversario de su nacimiento /
_cHans Christian Andersen ; ilustraciones de Vilhem Pedersen.
260 _aCopenhague :
_b[Consejo de Coordinación de la Labor Cultural Danesa en el Extranjero] :
_bBerlingske Begtrykkeri,
_c1955.
300 _a71 p. :
_bretr. aut. ;
_c21 cm.
700 1 _aPedersen, Vilhelm.
_989873
852 _aES-MaACL
_j1988-F-16
999 _c23734
_d23734